Ashma & Allergic Diseases (Record no. 6407)
[ view plain ]
| 000 -LEADER | |
|---|---|
| fixed length control field | 00433nam a22001697a 4500 |
| 005 - DATE AND TIME OF LATEST TRANSACTION | |
| control field | 20170822174929.0 |
| 008 - FIXED-LENGTH DATA ELEMENTS--GENERAL INFORMATION | |
| fixed length control field | 130809b xxu||||| |||| 00| 0 eng d |
| 020 ## - INTERNATIONAL STANDARD BOOK NUMBER | |
| International Standard Book Number | 0867920246 |
| 040 ## - CATALOGING SOURCE | |
| Transcribing agency | BSU |
| Modifying agency | BSU |
| 082 ## - DEWEY DECIMAL CLASSIFICATION NUMBER | |
| Edition number | 22 |
| Classification number | 616.97 DOU |
| 100 ## - MAIN ENTRY--PERSONAL NAME | |
| Personal name | Wilson,JDouglas |
| 9 (RLIN) | 13749 |
| 245 ## - TITLE STATEMENT | |
| Title | Ashma & Allergic Diseases |
| 260 ## - PUBLICATION, DISTRIBUTION, ETC. (IMPRINT) | |
| Place of publication, distribution, etc | Boston |
| Name of publisher, distributor, etc | ADIS Health science press |
| Date of publication, distribution, etc | 1983 |
| 300 ## - PHYSICAL DESCRIPTION | |
| Extent | 2;319p |
| Dimensions | 25cm |
| 658 ## - INDEX TERM--CURRICULUM OBJECTIVE | |
| Main curriculum objective | Medicine |
| 942 ## - ADDED ENTRY ELEMENTS (KOHA) | |
| Source of classification or shelving scheme | Dewey Decimal Classification |
| Item type | Books |
| Withdrawn status | Lost status | Source of classification or shelving scheme | Damaged status | Not for loan | Collection code | Home library | Current library | Shelving location | Date acquired | Source of acquisition | Total Checkouts | Full call number | Barcode | Date last seen | Copy number | Price effective from | Koha item type |
|---|---|---|---|---|---|---|---|---|---|---|---|---|---|---|---|---|---|
| Dewey Decimal Classification | Main Library | Main Library | 09/08/2011 | Donation | 616.97 DOU | 5347 | 09/08/2013 | 1 | 09/08/2013 | Books | |||||||
| Dewey Decimal Classification | Main Library | Main Library | 09/09/2007 | Donation | 616.97 DOU | 12412 | 09/09/2013 | 2 | 09/09/2013 | Books |